[Event "Grand Swiss "]
[Date "2025.09.04"]
[White "Aronian, Levon"]
[Black "Martirosyan, Haik M."]
[WhiteElo "2744"]
[BlackElo "2628"]
[Round "1.1.8"]
[Result "1/2-1/2"]

1. c4 {[%clk 01:40:55] [%emt 00:00:04]} e5 {[%clk 01:40:07] [%emt 00:00:53]} 2.
Nc3 {[%clk 01:41:20] [%emt 00:00:05]} Nf6 {[%clk 01:38:29] [%emt 00:02:07]} 3.
Nf3 {[%clk 01:41:44] [%emt 00:00:06]} Nc6 {[%clk 01:38:54] [%emt 00:00:05]} 4.
e4 {[%clk 01:42:10] [%emt 00:00:04]} Bb4 {[%clk 01:38:29] [%emt 00:00:54]} 5. d3
{[%clk 01:42:00] [%emt 00:00:40]} d6 {[%clk 01:38:17] [%emt 00:00:42]} 6. Be2
{[%clk 01:42:23] [%emt 00:00:07]} O-O {[%clk 01:33:09] [%emt 00:05:38]} 7. O-O
{[%clk 01:41:40] [%emt 00:01:13]} Bg4 {[%clk 01:30:39] [%emt 00:03:00]} 8. Ne1
{[%clk 01:41:48] [%emt 00:00:23]} Bxc3 {[%clk 01:22:28] [%emt 00:08:41]} 9. bxc3
{[%clk 01:41:00] [%emt 00:01:17]} Bxe2 {[%clk 01:22:54] [%emt 00:00:04]} 10.
Qxe2 {[%clk 01:41:26] [%emt 00:00:04]} Nd7 {[%clk 01:23:10] [%emt 00:00:14]} 11.
Rb1 {[%clk 01:36:08] [%emt 00:05:48]} b6 {[%clk 01:17:17] [%emt 00:06:22]} 12.
f4 {[%clk 01:25:52] [%emt 00:10:46]} exf4 {[%clk 01:08:50] [%emt 00:08:58]} 13.
Bxf4 {[%clk 01:21:58] [%emt 00:04:24]} Qe8 {[%clk 01:07:18] [%emt 00:02:01]} 14.
g4 {[%clk 01:18:47] [%emt 00:03:42]} f5 {[%clk 01:02:15] [%emt 00:05:33]} 15.
gxf5 {[%clk 01:18:28] [%emt 00:00:49]} Rxf5 {[%clk 01:02:40] [%emt 00:00:06]}
16. Ng2 {[%clk 01:18:40] [%emt 00:00:17]} Qh5 {[%clk 01:01:10] [%emt 00:02:00]}
17. Qxh5 {[%clk 01:17:35] [%emt 00:01:36]} Rxh5 {[%clk 01:01:03] [%emt
00:00:36]} 18. Ne3 {[%clk 01:17:03] [%emt 00:01:02]} Ne7 {[%clk 00:48:56] [%emt
00:12:37]} 19. Nd5 {[%clk 01:15:22] [%emt 00:02:11]} Nxd5 {[%clk 00:49:20] [%emt
00:00:07]} 20. cxd5 {[%clk 01:15:49] [%emt 00:00:04]} Ne5 {[%clk 00:41:22] [%emt
00:08:27]} 21. Rbd1 {[%clk 01:13:08] [%emt 00:03:11]} Rf8 {[%clk 00:40:36] [%emt
00:01:16]} 22. Bg3 {[%clk 01:11:54] [%emt 00:01:44]} Rf6 {[%clk 00:39:44] [%emt
00:01:21]} 23. Rxf6 {[%clk 01:02:31] [%emt 00:09:54]} gxf6 {[%clk 00:39:52]
[%emt 00:00:21]} 24. Kf2 {[%clk 01:02:36] [%emt 00:00:24]} f5 {[%clk 00:35:54]
[%emt 00:04:29]} 25. Ke3 {[%clk 01:01:06] [%emt 00:02:00]} fxe4 {[%clk 00:26:58]
[%emt 00:09:26]} 26. dxe4 {[%clk 01:01:01] [%emt 00:00:35]} Kf7 {[%clk 00:25:27]
[%emt 00:02:01]} 27. Rf1+ {[%clk 00:55:51] [%emt 00:05:40]} Ke7 {[%clk 00:24:21]
[%emt 00:01:36]} 28. Rf5 {[%clk 00:55:07] [%emt 00:01:13]} Rxf5 {[%clk 00:21:33]
[%emt 00:03:18]} 29. exf5 {[%clk 00:55:33] [%emt 00:00:05]} Nf7 {[%clk 00:18:54]
[%emt 00:03:10]} 30. Bh4+ {[%clk 00:55:49] [%emt 00:00:14]} Ke8 {[%clk 00:18:39]
[%emt 00:00:44]} 31. Bf6 {[%clk 00:55:39] [%emt 00:00:39]} Kd7 {[%clk 00:18:45]
[%emt 00:00:25]} 32. Ke4 {[%clk 00:54:11] [%emt 00:01:57]} 1/2-1/2

[Site "Europe Echecs"]

[Event "Grand Swiss "]
[Date "2025.09.04"]
[White "Volokitin, Andrei"]
[Black "Nepomniachtchi, Ian"]
[WhiteElo "2628"]
[BlackElo "2742"]
[Round "1.1.9"]
[Result "1/2-1/2"]

1. e4 {[%clk 01:40:57] [%emt 00:00:02]} e5 {[%clk 01:40:52] [%emt 00:00:08]} 2.
Nf3 {[%clk 01:41:22] [%emt 00:00:05]} Nc6 {[%clk 01:41:17] [%emt 00:00:04]} 3.
Bb5 {[%clk 01:40:53] [%emt 00:00:59]} a6 {[%clk 01:41:32] [%emt 00:00:15]} 4.
Ba4 {[%clk 01:41:15] [%emt 00:00:08]} Nf6 {[%clk 01:41:56] [%emt 00:00:06]} 5.
O-O {[%clk 01:41:35] [%emt 00:00:11]} Be7 {[%clk 01:41:59] [%emt 00:00:26]} 6.
d3 {[%clk 01:40:50] [%emt 00:01:15]} b5 {[%clk 01:42:14] [%emt 00:00:16]} 7. Bb3
{[%clk 01:41:14] [%emt 00:00:05]} d6 {[%clk 01:42:41] [%emt 00:00:03]} 8. a4
{[%clk 01:41:32] [%emt 00:00:12]} Bd7 {[%clk 01:42:18] [%emt 00:00:54]} 9. c3
{[%clk 01:41:38] [%emt 00:00:23]} O-O {[%clk 01:41:14] [%emt 00:01:34]} 10. Bc2
{[%clk 01:41:40] [%emt 00:00:28]} Re8 {[%clk 01:36:37] [%emt 00:05:07]} 11. Re1
{[%clk 01:41:46] [%emt 00:00:23]} h6 {[%clk 01:29:19] [%emt 00:07:48]} 12. Nbd2
{[%clk 01:41:38] [%emt 00:00:38]} Bf8 {[%clk 01:28:37] [%emt 00:01:12]} 13. Nf1
{[%clk 01:41:42] [%emt 00:00:26]} g6 {[%clk 01:27:32] [%emt 00:01:35]} 14. Ng3
{[%clk 01:27:42] [%emt 00:14:30]} Bg7 {[%clk 01:27:17] [%emt 00:00:44]} 15. h3
{[%clk 01:04:57] [%emt 00:23:16]} d5 {[%clk 01:22:06] [%emt 00:05:41]} 16. d4
{[%clk 00:30:23] [%emt 00:35:04]} Nxe4 {[%clk 01:09:45] [%emt 00:12:50]} 17.
Nxe4 {[%clk 00:28:57] [%emt 00:01:57]} dxe4 {[%clk 01:10:04] [%emt 00:00:11]}
18. Bxe4 {[%clk 00:26:58] [%emt 00:02:29]} exd4 {[%clk 01:08:34] [%emt
00:02:00]} 19. axb5 {[%clk 00:26:47] [%emt 00:00:41]} axb5 {[%clk 01:06:37]
[%emt 00:02:27]} 20. Rxa8 {[%clk 00:27:03] [%emt 00:00:14]} Qxa8 {[%clk
01:07:02] [%emt 00:00:05]} 21. Nxd4 {[%clk 00:26:59] [%emt 00:00:35]} b4 {[%clk
01:01:20] [%emt 00:06:12]} 22. Nxc6 {[%clk 00:16:30] [%emt 00:10:59]} Bxc6
{[%clk 01:00:49] [%emt 00:01:00]} 23. Bxc6 {[%clk 00:16:53] [%emt 00:00:08]}
Rxe1+ {[%clk 01:00:43] [%emt 00:00:36]} 24. Qxe1 {[%clk 00:17:21] [%emt
00:00:02]} Qxc6 {[%clk 01:01:06] [%emt 00:00:07]} 25. cxb4 {[%clk 00:17:44]
[%emt 00:00:06]} h5 {[%clk 00:58:33] [%emt 00:03:03]} 26. Bf4 {[%clk 00:04:33]
[%emt 00:13:42]} Qc4 {[%clk 00:58:15] [%emt 00:00:47]} 27. Qc1 {[%clk 00:02:56]
[%emt 00:02:06]} Qxb4 {[%clk 00:58:30] [%emt 00:00:16]} 28. Bxc7 {[%clk
00:03:22] [%emt 00:00:05]} Bxb2 {[%clk 00:58:33] [%emt 00:00:25]} 29. Qe3 {[%clk
00:03:33] [%emt 00:00:19]} Qa4 {[%clk 00:57:34] [%emt 00:01:30]} 30. Kh2 {[%clk
00:03:02] [%emt 00:01:01]} Bd4 {[%clk 00:56:58] [%emt 00:01:06]} 31. Qe4 {[%clk
00:02:42] [%emt 00:00:50]} Qd7 {[%clk 00:57:23] [%emt 00:00:05]} 32. Be5 {[%clk
00:02:55] [%emt 00:00:17]} Bxe5+ {[%clk 00:57:48] [%emt 00:00:05]} 33. Qxe5
{[%clk 00:03:22] [%emt 00:00:03]} Kh7 {[%clk 00:58:10] [%emt 00:00:08]} 34. Qf6
{[%clk 00:03:35] [%emt 00:00:16]} Kg8 {[%clk 00:58:24] [%emt 00:00:17]} 35. Qe5
{[%clk 00:03:58] [%emt 00:00:07]} Kh7 {[%clk 00:58:50] [%emt 00:00:05]} 36. Qf6
{[%clk 00:04:24] [%emt 00:00:04]} Kg8 {[%clk 00:59:17] [%emt 00:00:03]} 37. Qe5
{[%clk 00:04:49] [%emt 00:00:05]} 1/2-1/2

[Site "Europe Echecs"]

[Event "Grand Swiss "]
[Date "2025.09.04"]
[White "Mamedyarov, Shakhriyar"]
[Black "Cheparinov, Ivan"]
[WhiteElo "2741"]
[BlackElo "2627"]
[Round "1.1.10"]
[Result "1/2-1/2"]

1. d4 {[%clk 01:40:57] [%emt 00:00:02]} d5 {[%clk 01:40:55] [%emt 00:00:06]} 2.
c4 {[%clk 01:41:18] [%emt 00:00:09]} e6 {[%clk 01:41:18] [%emt 00:00:06]} 3. Nc3
{[%clk 01:41:25] [%emt 00:00:24]} dxc4 {[%clk 01:41:25] [%emt 00:00:24]} 4. e3
{[%clk 01:38:23] [%emt 00:03:32]} a6 {[%clk 01:40:50] [%emt 00:01:05]} 5. Bxc4
{[%clk 01:38:32] [%emt 00:00:21]} b5 {[%clk 01:41:15] [%emt 00:00:05]} 6. Be2
{[%clk 01:37:13] [%emt 00:01:49]} Nf6 {[%clk 01:40:44] [%emt 00:01:00]} 7. Bf3
{[%clk 01:37:39] [%emt 00:00:06]} Ra7 {[%clk 01:41:10] [%emt 00:00:04]} 8. a4
{[%clk 01:29:10] [%emt 00:08:58]} b4 {[%clk 01:41:22] [%emt 00:00:18]} 9. Ne4
{[%clk 01:29:33] [%emt 00:00:06]} Be7 {[%clk 01:40:54] [%emt 00:00:59]} 10. Ne2
{[%clk 01:23:56] [%emt 00:06:07]} O-O {[%clk 01:32:12] [%emt 00:09:11]} 11. O-O
{[%clk 01:10:57] [%emt 00:13:30]} Nbd7 {[%clk 01:19:48] [%emt 00:12:55]} 12. b3
{[%clk 01:07:45] [%emt 00:03:42]} c5 {[%clk 01:15:20] [%emt 00:04:58]} 13. Bb2
{[%clk 01:07:16] [%emt 00:00:59]} Nxe4 {[%clk 01:10:33] [%emt 00:05:17]} 14.
Bxe4 {[%clk 01:07:42] [%emt 00:00:03]} Rc7 {[%clk 01:10:30] [%emt 00:00:33]} 15.
Rc1 {[%clk 01:06:17] [%emt 00:01:55]} h6 {[%clk 01:03:27] [%emt 00:07:32]} 16.
Bb1 {[%clk 01:00:23] [%emt 00:06:24]} Bb7 {[%clk 00:51:52] [%emt 00:12:05]} 17.
Qc2 {[%clk 00:57:59] [%emt 00:02:52]} Nf6 {[%clk 00:51:43] [%emt 00:00:41]} 18.
Ng3 {[%clk 00:50:47] [%emt 00:07:42]} Rc8 {[%clk 00:47:25] [%emt 00:04:50]} 19.
Nh5 {[%clk 00:41:57] [%emt 00:09:19]} Ne4 {[%clk 00:32:17] [%emt 00:15:38]} 20.
Qd1 {[%clk 00:33:02] [%emt 00:09:24]} Qd5 {[%clk 00:25:34] [%emt 00:07:13]} 21.
Nf4 {[%clk 00:30:42] [%emt 00:02:50]} Qg5 {[%clk 00:24:08] [%emt 00:01:56]} 22.
Nh3 {[%clk 00:20:17] [%emt 00:10:56]} Qh4 {[%clk 00:23:38] [%emt 00:01:00]} 23.
Nf4 {[%clk 00:20:11] [%emt 00:00:37]} Qg5 {[%clk 00:22:04] [%emt 00:02:04]} 24.
Nh3 {[%clk 00:20:10] [%emt 00:00:30]} Qh4 {[%clk 00:22:29] [%emt 00:00:05]} 25.
Nf4 {[%clk 00:20:32] [%emt 00:00:09]} Qg5 {[%emt 00:05:01]} 1/2-1/2

[Site "Europe Echecs"]

[Event "Grand Swiss "]
[Date "2025.09.04"]
[White "Sjugirov, Sanan"]
[Black "Vachier-Lagrave, Maxime"]
[WhiteElo "2627"]
[BlackElo "2738"]
[Round "1.1.11"]
[Result "1/2-1/2"]

1. e4 {[%clk 01:40:56] [%emt 00:00:03]} c5 {[%clk 01:40:57] [%emt 00:00:03]} 2.
Nf3 {[%clk 01:41:18] [%emt 00:00:08]} d6 {[%clk 01:41:23] [%emt 00:00:04]} 3. d4
{[%clk 01:41:40] [%emt 00:00:08]} cxd4 {[%clk 01:41:49] [%emt 00:00:03]} 4. Nxd4
{[%clk 01:42:04] [%emt 00:00:06]} Nf6 {[%clk 01:42:17] [%emt 00:00:03]} 5. Nc3
{[%clk 01:42:14] [%emt 00:00:20]} a6 {[%clk 01:42:44] [%emt 00:00:03]} 6. Nb3
{[%clk 01:42:35] [%emt 00:00:09]} g6 {[%clk 01:41:03] [%emt 00:02:10]} 7. Be3
{[%clk 01:41:56] [%emt 00:01:08]} Bg7 {[%clk 01:40:03] [%emt 00:01:31]} 8. Qd2
{[%clk 01:42:14] [%emt 00:00:12]} Nbd7 {[%clk 01:35:34] [%emt 00:04:59]} 9. f3
{[%clk 01:42:20] [%emt 00:00:24]} h5 {[%clk 01:33:18] [%emt 00:02:46]} 10. a4
{[%clk 01:41:40] [%emt 00:01:11]} b6 {[%clk 01:33:36] [%emt 00:00:11]} 11. Rd1
{[%clk 01:41:36] [%emt 00:00:34]} Bb7 {[%clk 01:33:17] [%emt 00:00:50]} 12. Qf2
{[%clk 01:41:41] [%emt 00:00:24]} Qc7 {[%clk 01:30:36] [%emt 00:03:11]} 13. Be2
{[%clk 01:41:43] [%emt 00:00:28]} O-O {[%clk 01:30:14] [%emt 00:00:52]} 14. O-O
{[%clk 01:41:58] [%emt 00:00:14]} Rfc8 {[%clk 01:25:12] [%emt 00:05:32]} 15. h3
{[%clk 01:41:33] [%emt 00:00:54]} e6 {[%clk 01:09:24] [%emt 00:16:18]} 16. Bd4
{[%clk 00:48:34] [%emt 00:53:30]} d5 {[%clk 01:02:52] [%emt 00:07:02]} 17. exd5
{[%clk 00:42:42] [%emt 00:06:22]} Nxd5 {[%clk 01:02:52] [%emt 00:00:30]} 18.
Bxg7 {[%clk 00:42:51] [%emt 00:00:20]} Kxg7 {[%clk 01:03:12] [%emt 00:00:10]}
19. Nxd5 {[%clk 00:42:29] [%emt 00:00:53]} Bxd5 {[%clk 01:03:37] [%emt
00:00:05]} 20. Nd4 {[%clk 00:42:15] [%emt 00:00:43]} Nf6 {[%clk 00:59:55] [%emt
00:04:12]} 21. f4 {[%clk 00:35:27] [%emt 00:07:18]} Rd8 {[%clk 00:52:40] [%emt
00:07:46]} 22. Qe3 {[%clk 00:33:02] [%emt 00:02:55]} Be4 {[%clk 00:50:13] [%emt
00:02:57]} 23. c3 {[%clk 00:32:53] [%emt 00:00:40]} Rd7 {[%clk 00:42:10] [%emt
00:08:33]} 24. Nf3 {[%clk 00:26:27] [%emt 00:06:56]} Rxd1 {[%clk 00:34:38] [%emt
00:08:02]} 25. Rxd1 {[%clk 00:26:41] [%emt 00:00:15]} Bxf3 {[%clk 00:35:01]
[%emt 00:00:08]} 26. Bxf3 {[%clk 00:26:57] [%emt 00:00:14]} Rc8 {[%clk 00:31:53]
[%emt 00:03:38]} 27. Qe5 {[%clk 00:22:06] [%emt 00:05:21]} a5 {[%clk 00:21:54]
[%emt 00:10:29]} 28. Rd6 {[%clk 00:17:45] [%emt 00:04:51]} h4 {[%clk 00:21:39]
[%emt 00:00:46]} 29. Qd4 {[%clk 00:15:56] [%emt 00:02:19]} Rb8 {[%clk 00:21:57]
[%emt 00:00:12]} 30. Rc6 {[%clk 00:15:07] [%emt 00:01:19]} Qd7 {[%clk 00:22:22]
[%emt 00:00:05]} 31. Qxd7 {[%clk 00:12:09] [%emt 00:03:28]} Nxd7 {[%clk
00:22:48] [%emt 00:00:04]} 32. b4 {[%clk 00:12:34] [%emt 00:00:06]} g5 {[%clk
00:18:16] [%emt 00:05:01]} 33. Rc7 {[%clk 00:09:05] [%emt 00:03:59]} Rd8 {[%clk
00:16:14] [%emt 00:02:31]} 34. Bc6 {[%clk 00:08:44] [%emt 00:00:51]} Nf6 {[%clk
00:13:33] [%emt 00:03:12]} 35. fxg5 {[%clk 00:08:37] [%emt 00:00:37]} Nd5 {[%clk
00:13:48] [%emt 00:00:14]} 36. Bxd5 {[%clk 00:01:55] [%emt 00:07:12]} exd5
{[%clk 00:14:15] [%emt 00:00:04]} 37. bxa5 {[%clk 00:00:56] [%emt 00:01:30]}
bxa5 {[%clk 00:14:40] [%emt 00:00:04]} 38. Rc5 {[%clk 00:00:42] [%emt 00:00:44]}
d4 {[%clk 00:15:05] [%emt 00:00:05]} 39. cxd4 {[%clk 00:01:09] [%emt 00:00:03]}
Rxd4 {[%clk 00:15:30] [%emt 00:00:05]} 40. Rxa5 {[%clk 00:01:36] [%emt
00:00:03]} Kg6 {[%clk 00:15:09] [%emt 00:00:51]} 41. Kf2 {[%clk 00:42:45] [%emt
00:09:20]} Rb4 {[%clk 01:01:58] [%emt 00:03:41]} 42. Ra8 {[%clk 00:36:08] [%emt
00:07:08]} Kxg5 {[%clk 00:58:23] [%emt 00:04:05]} 43. Ke3 {[%clk 00:27:48] [%emt
00:08:49]} f5 {[%clk 00:43:51] [%emt 00:15:02]} 44. a5 {[%clk 00:25:53] [%emt
00:02:25]} Re4+ {[%clk 00:40:06] [%emt 00:04:14]} 45. Kd3 {[%clk 00:22:33] [%emt
00:03:51]} Ra4 {[%clk 00:39:14] [%emt 00:01:22]} 46. Kc3 {[%clk 00:21:34] [%emt
00:01:29]} Kf4 {[%clk 00:39:34] [%emt 00:00:10]} 47. Kb3 {[%clk 00:21:21] [%emt
00:00:44]} Ra1 {[%clk 00:40:00] [%emt 00:00:04]} 48. Kb4 {[%clk 00:20:44] [%emt
00:01:08]} Kg3 {[%clk 00:34:46] [%emt 00:05:44]} 49. Rg8+ {[%clk 00:20:51] [%emt
00:00:23]} Kh2 {[%clk 00:35:13] [%emt 00:00:03]} 50. Kb5 {[%clk 00:20:27] [%emt
00:00:54]} Rb1+ {[%clk 00:35:36] [%emt 00:00:06]} 51. Kc6 {[%clk 00:20:20] [%emt
00:00:37]} Ra1 {[%clk 00:35:58] [%emt 00:00:07]} 52. Kb6 {[%clk 00:20:44] [%emt
00:00:08]} Rb1+ {[%clk 00:36:23] [%emt 00:00:04]} 53. Kc6 {[%clk 00:16:25] [%emt
00:04:50]} Ra1 {[%clk 00:36:41] [%emt 00:00:12]} 54. Kb6 {[%clk 00:16:50] [%emt
00:00:05]} Rb1+ {[%clk 00:37:07] [%emt 00:00:03]} 55. Ka7 {[%clk 00:17:16] [%emt
00:00:05]} Rb2 {[%clk 00:36:03] [%emt 00:01:34]} 56. a6 {[%clk 00:17:35] [%emt
00:00:11]} f4 {[%clk 00:36:26] [%emt 00:00:06]} 57. Rg4 {[%clk 00:14:32] [%emt
00:03:33]} Rxg2 {[%clk 00:29:47] [%emt 00:07:10]} 58. Rxg2+ {[%clk 00:13:54]
[%emt 00:01:07]} Kxg2 {[%clk 00:30:15] [%emt 00:00:02]} 59. Kb6 {[%clk 00:13:49]
[%emt 00:00:36]} f3 {[%clk 00:30:43] [%emt 00:00:01]} 60. a7 {[%clk 00:14:12]
[%emt 00:00:06]} f2 {[%clk 00:31:12] [%emt 00:00:01]} 61. a8=Q+ {[%clk 00:14:28]
[%emt 00:00:14]} Kg1 {[%clk 00:31:25] [%emt 00:00:17]} 62. Qg8+ {[%clk 00:14:39]
[%emt 00:00:18]} Kh2 {[%clk 00:31:53] [%emt 00:00:03]} 63. Qf7 {[%clk 00:14:49]
[%emt 00:00:20]} Kg2 {[%clk 00:32:20] [%emt 00:00:03]} 64. Qd5+ {[%clk 00:14:55]
[%emt 00:00:24]} Kg1 {[%clk 00:32:32] [%emt 00:00:15]} 65. Qd4 {[%clk 00:14:55]
[%emt 00:00:33]} Kg2 {[%clk 00:33:00] [%emt 00:00:02]} 66. Qxh4 {[%clk 00:12:27]
[%emt 00:02:58]} f1=Q {[%clk 00:33:25] [%emt 00:00:05]} 67. Qg4+ {[%clk
00:12:53] [%emt 00:00:04]} Kh2 {[%clk 00:33:51] [%emt 00:00:04]} 68. h4 {[%clk
00:13:14] [%emt 00:00:09]} Qf6+ {[%clk 00:31:39] [%emt 00:02:42]} 69. Kc5 {[%clk
00:13:16] [%emt 00:00:29]} Qe7+ {[%clk 00:30:59] [%emt 00:01:09]} 70. Kc4 {[%clk
00:13:16] [%emt 00:00:30]} Qc7+ {[%clk 00:29:43] [%emt 00:01:46]} 71. Kd3 {[%clk
00:13:21] [%emt 00:00:25]} Qd6+ {[%clk 00:29:50] [%emt 00:00:24]} 72. Qd4 {[%clk
00:12:17] [%emt 00:01:34]} Qh6 {[%clk 00:25:50] [%emt 00:04:30]} 73. Qg4 {[%clk
00:10:29] [%emt 00:02:17]} Qd6+ {[%clk 00:25:51] [%emt 00:00:29]} 74. Ke3 {[%clk
00:10:46] [%emt 00:00:13]} Qa3+ {[%clk 00:25:03] [%emt 00:01:19]} 75. Kf2 {[%clk
00:10:03] [%emt 00:01:12]} Qc5+ {[%clk 00:25:22] [%emt 00:00:11]} 76. Kf1 {[%clk
00:09:35] [%emt 00:00:58]} Qc1+ {[%clk 00:25:48] [%emt 00:00:04]} 77. Ke2 {[%clk
00:10:00] [%emt 00:00:05]} Qc2+ {[%clk 00:26:14] [%emt 00:00:03]} 78. Ke3 {[%emt
00:00:22]} 1/2-1/2

[Site "Europe Echecs"]

[Event "Grand Swiss "]
[Date "2025.09.04"]
[White "Niemann, Hans Moke"]
[Black "Sargissian, Gabriel"]
[WhiteElo "2733"]
[BlackElo "2626"]
[Round "1.1.12"]
[Result "1/2-1/2"]

1. e4 {[%clk 01:40:55] [%emt 00:00:04]} e5 {[%clk 01:40:49] [%emt 00:00:12]} 2.
Nf3 {[%clk 01:41:15] [%emt 00:00:08]} Nc6 {[%clk 01:40:56] [%emt 00:00:24]} 3.
Bc4 {[%clk 01:41:34] [%emt 00:00:10]} Nf6 {[%clk 01:40:41] [%emt 00:00:45]} 4.
d3 {[%clk 01:41:53] [%emt 00:00:11]} Be7 {[%clk 01:40:15] [%emt 00:00:57]} 5.
O-O {[%clk 01:41:21] [%emt 00:01:01]} O-O {[%clk 01:39:22] [%emt 00:01:24]} 6.
Re1 {[%clk 01:41:36] [%emt 00:00:13]} d6 {[%clk 01:38:25] [%emt 00:01:30]} 7. a4
{[%clk 01:41:45] [%emt 00:00:20]} Be6 {[%clk 01:37:02] [%emt 00:01:53]} 8. Bxe6
{[%clk 01:41:56] [%emt 00:00:18]} fxe6 {[%clk 01:36:29] [%emt 00:01:04]} 9. a5
{[%clk 01:38:13] [%emt 00:04:13]} b5 {[%clk 01:26:08] [%emt 00:10:51]} 10. c3
{[%clk 01:25:26] [%emt 00:13:17]} a6 {[%clk 01:16:19] [%emt 00:10:21]} 11. d4
{[%clk 01:20:35] [%emt 00:05:20]} Qd7 {[%clk 01:02:27] [%emt 00:14:23]} 12. Bg5
{[%clk 01:11:24] [%emt 00:09:39]} Rad8 {[%clk 00:47:57] [%emt 00:15:00]} 13.
Nbd2 {[%clk 01:07:48] [%emt 00:04:05]} h6 {[%clk 00:41:22] [%emt 00:07:07]} 14.
Bh4 {[%clk 01:00:28] [%emt 00:07:48]} Nh5 {[%clk 00:38:27] [%emt 00:03:27]} 15.
d5 {[%clk 00:50:46] [%emt 00:10:12]} Bxh4 {[%clk 00:34:55] [%emt 00:04:02]} 16.
dxc6 {[%clk 00:45:02] [%emt 00:06:14]} Qf7 {[%clk 00:35:02] [%emt 00:00:23]} 17.
g4 {[%clk 00:43:52] [%emt 00:01:41]} d5 {[%clk 00:27:37] [%emt 00:07:55]} 18.
gxh5 {[%clk 00:42:53] [%emt 00:01:29]} Bxf2+ {[%clk 00:25:59] [%emt 00:02:07]}
19. Kxf2 {[%clk 00:39:50] [%emt 00:03:33]} dxe4 {[%clk 00:24:43] [%emt
00:01:47]} 20. Qc2 {[%clk 00:30:46] [%emt 00:09:33]} exf3 {[%clk 00:21:44] [%emt
00:03:30]} 21. Rg1 {[%clk 00:30:08] [%emt 00:01:08]} Qf4 {[%clk 00:14:38] [%emt
00:07:36]} 22. Nf1 {[%clk 00:30:33] [%emt 00:00:05]} e4 {[%clk 00:14:36] [%emt
00:00:33]} 23. Re1 {[%clk 00:30:30] [%emt 00:00:32]} Rd3 {[%clk 00:13:50] [%emt
00:01:15]} 24. Qc1 {[%clk 00:30:01] [%emt 00:00:59]} Qxc1 {[%clk 00:11:07] [%emt
00:03:14]} 25. Rxc1 {[%clk 00:30:20] [%emt 00:00:12]} e3+ {[%clk 00:11:24] [%emt
00:00:13]} 26. Nxe3 {[%clk 00:29:58] [%emt 00:00:52]} Rd2+ {[%clk 00:11:50]
[%emt 00:00:04]} 27. Kg3 {[%clk 00:29:19] [%emt 00:01:09]} Rd3 {[%clk 00:12:03]
[%emt 00:00:17]} 28. Kf2 {[%clk 00:29:45] [%emt 00:00:04]} Rd2+ {[%clk 00:12:29]
[%emt 00:00:04]} 29. Kg3 {[%clk 00:30:11] [%emt 00:00:04]} Rd3 {[%clk 00:12:54]
[%emt 00:00:05]} 30. Kf2 {[%clk 00:30:39] [%emt 00:00:02]} Rd2+ {[%clk 00:13:15]
[%emt 00:00:09]} 1/2-1/2

[Site "Europe Echecs"]